banner-ar

كتاب الضعفاء والمتروكين / (Record no. 38904)

MARC details
000 -الفاتح
حقل البيانات ثابتة الطول 00706nam a2200217Ia 4500
008 - عناصر البيانات ثابتة الطول - معلومات عامة
حقل البيانات ثابتة الطول 140319s9999 xx 000 0 ara d
040 ## - مصدر الفهرسة
وكالة الفهرسة الأصلية GCL /
وكالة النسخ GCL
082 04 - رقم تصنيف ديوى العشرى
رقم التصنيف 234.4
رقم المادة د ك
100 1# - المدخل الرئيسى - إسم شخصى
الإسم الشخصى الدارقطنى البغدادى , ابى الحسن
245 10 - بيان العنوان
العنوان كتاب الضعفاء والمتروكين /
بيان المسئوليه,etc الدارقطنى البغدادى , ابى الحسن
700 1# - المدخل الاضافى - اسم شخصى
الإسم الشخصى على بن عمر بن احمد
700 1# - المدخل الاضافى - اسم شخصى
الإسم الشخصى السيد صبحى البدرى
300 ## - الوصف المادى
التعداد 217 ص
490 ## - بيان السلسلة
عنوان السلسلة
650 04 - المدخل الاضافى بالموضوع-مصطلح موضوعى
مصطلح موضوعي الحديث
650 04 - المدخل الاضافى بالموضوع-مصطلح موضوعى
مصطلح موضوعي الحديث - رواية
650 04 - المدخل الاضافى بالموضوع-مصطلح موضوعى
مصطلح موضوعي الحديث، علوم
650 04 - المدخل الاضافى بالموضوع-مصطلح موضوعى
مصطلح موضوعي الحديث - الجرح والتعديل
942 ## - عناصر المدخل الإضافي( كوها)
مصدر التصنيف او مخطط الترفيف Dewey Decimal Classification
Koha [default] item type كتاب
Holdings
حالة التراجع حالة الفقد حالة تلف ليس للاعارة المكان المؤقت الموقع الحالى تاريخ الاكتساب اجمالي اﻻعارات رقم الطلب الباركود تاريخ اخر مشاهدة تاريخ تفعيل السعر نوع وعاء كوها
        مكتبة القاهرة الكبرى مكتبة القاهرة الكبرى 03/26/2014   234.4\د ك 94929 03/26/2014 03/26/2014 كتاب
        مكتبة القاهرة الكبرى مكتبة القاهرة الكبرى 03/26/2014   234.4\د ك 94930 03/26/2014 03/26/2014 كتاب
        مكتبة القاهرة الكبرى مكتبة القاهرة الكبرى 03/26/2014   234.4\د ك 94931 03/26/2014 03/26/2014 كتاب

Powered By

EGPV